000 01141cam a2200325 a 4500
003 CHAP
005 20240904094709.0
008 041007d2001 mx r 10100 spa d
010 _a88898
011 _a89870
020 _a9688843962
035 _a100421
040 _cCHAP
082 0 4 _a630.63
_bC5 2001
111 0 0 _aCongreso Nacional Agronómico (
_n4 :
_d2001 :
_cChapingo, Méx.)
_926882
245 1 0 _aMemorias
_c/ed. por J.S. Barrales Domínguez (y otros)
260 _aChapingo, Méx. :
_bUACH. Departamento de Fitotecnia,
_c2001.
300 _a167 p. ;
_bgráfs.
590 _aBATCH-UPD
_b10
_c20130110
_lUCH01
_h0630
590 _aBATCH-UPD
_b10
_c20130410
_lUCH01
_h0313
590 _aBATCH-UPD
_b10
_c20130914
_lUCH01
_h1031
590 _aCONVERSION
_b10
_c20130109
_lUCH01
_h1349
650 1 4 _aAgricultura
_xCongresos
_zMexico.
_91377
700 1 0 _aBarrales Domínguez, José Sergio
_910332
901 _aBK
905 _aAlejandra carrasco M.
942 _cLIBRO
949 _a630.63 C5 2001
_bBC
_cCONG
_d33724002204801
_eCONG
_fc.2
_h104715
_i100421
_sb
949 _a630.63 C5 2001
_bBC
_cLIBRO
_d33724000796587
_eLIBRO
_h104714
_i100421
_sb
999 _c88898
_d88898